000 00592nam a2200229 a 4500
999 _c626
_d626
001 626
003 BD-JhCC
005 20171017192127.0
008 171008s20102004enk |||| ||a| 00| 0 eng d
020 _a139780521707756
035 _a(BD-JhCC)626
040 _aBD-JhCC
_dBD-JhCC
041 _aeng
082 _222
_a428.3
_bLYN 2010
100 _aLynch Tony
245 _aStudy Listening /
_cTony Lynch
260 _aUnited kingdom
_bCambridge Univerdity Press
_c2010
300 _a214 p.:
_bills;
_c24 cm.
650 _aEnglish Language
_xSpoken English
942 _2ddc
_cBK